000 00185 a2200097 4500
001 14721
100 _aRafi-ud-Din
245 _a
260 _aLondon
_bMethurn
_c
090 _c11502
_d11502
942 _aNUST-CAE
_c
_c1673
999 _c249794
_d249794